000 00635nam a2200217Ia 4500
003 OSt
005 20220923230929.0
006 a|||||r|||| 00| 0
007 ta
008 Pun
024 _a306,561
037 _cTextual
040 _aARTS
_cARTS
_bPun
041 _2Pun
_aPun
082 _aQ8441:2xK21, 153L6
100 _aਖ਼ੌਜਾ ਸਿੰਘ, ਥਦ.
_9156363
245 0 _aਹੁਕਮਨਾਮੇ ਸ੍ਰੀ ਗੁਰੂ ਤੇਫ਼ ਬਹਾਦਰ ਸਾਹਿਬ
260 _c1976
942 _hQ8441:2xK21, 153L6
_cTEXL
_2CC
999 _c388333
_d388333